II Premis Anuals d'Investigació Europeus de la CESS
Descripción Física:
66 p. ; 24 cm
MARC
| LEADER | 00000nam a2200000Ia 4500 | ||
|---|---|---|---|
| 001 | 17671 | ||
| 008 | 160829s1999 xx 000 0 cat d | ||
| 080 | |a P-1-69 | ||
| 245 | |a II Premis Anuals d'Investigació Europeus de la CESS | ||
| 250 | |a Ed. no venal | ||
| 260 | |a Barcelona : |b Diputació de Barcelona. Servei d'Esports i Turisme, |c 1999 | ||
| 300 | |a 66 p. ; |c 24 cm | ||
| 590 | |a Bibliografia | ||
| 650 | |a Esports |x Investigació |x Europa |x Premis |9 37659 | ||
| 710 | 2 | |a Barcelona (Catalunya : Província). |b Servei d'Esports i Turisme |9 54307 | |
| 901 | |a Arxiu | ||
| 942 | |n 1 | ||
| 952 | |0 0 |1 0 |4 0 |6 P169 |7 1 |9 47980 |a Arxiu |b Arxiu |d 2016-12-01 |l 0 |o P-1-69 |p 17671 |r 2016-12-01 00:00:00 |w 2016-12-01 |y ARXIU | ||
| 999 | |c 51781 |d 51781 | ||